| 000 | 00572nam a2200193 a 4500 | ||
|---|---|---|---|
| 005 | 20240702063801.0 | ||
| 008 | 991125s1945 mx 000 0 spa u | ||
| 035 | _aUPN01000032440 | ||
| 049 | _aLT | ||
| 050 | 4 |
_aLB1667 M6.3 _bS2.5 1945 |
|
| 100 | 1 | _aSandi, Luis | |
| 245 | 1 | 0 |
_aIntroducción al estudio de la música : _bcurso completo para 1o. 2o. 3er. años / _cLuis Sandi |
| 260 |
_aMéxico : _bAriel, _c1945 |
||
| 300 |
_a125 p. : _bil. |
||
| 500 | _a"Segunda enseñanza" | ||
| 650 | 4 |
_aMúsica _xEstudio y enseñanza _9174 |
|
| 904 |
_aAC _b032441 |
||
| 905 | _aLibro | ||
| 999 |
_c32440 _d32440 |
||